000 00454nam a22001337a 4500
008 170906b xxu||||| |||| 00| 0 eng d
022 _a0360-4039
082 _2Oct 2009 - Mar 2010, v. 39-40
_aDPer 610.7305
_bP53
245 _aNursing:
_cThe Journal of Clinical Excellence.
260 _aCanada:
_bLippincott Williams & Wilkins,
_c2009.
300 _a1 [various paging]:
_billustrations;
_c26 cm.
650 0 _922468
_aNursing
_vPeriodicals
942 _2ddc
_cPER
999 _c7403
_d7403